000 00811nam a2200289Ia 4500
001 Z_502
003 CHAP
008 220113s1990 xx 000 0 und d
010 _a163479
040 _cCHAP
090 _aTesis M 662
100 _aManuel Román, Vidal
_970721
245 _aPoder pigmentante de la Capsantina en relación a cantaxantina en la yema de huevo /
_cpor Vidal Manuel Román
260 _aChapingo, Méx. :
_bEl autor,
_c1990
300 _a58 h.
502 _aTesis (Ing. Agr. Esp. en Zootecnia) -- UACH. Departamento de Zootecnia
650 _aCantaxantina
_9137659
650 _aCapsantina
_9137660
650 _aHuevos
_956738
650 _aPigmentación
_988055
901 _aTESIS M 662
902 _aM
910 _a1990
942 _c2
942 _c2
999 _c163479
_d163479